World Map 30 X 32 Puzzle by 250 Largest Cities, one square at the time - Statistics

General Stats
  • This quiz has been taken 640 times
  • The average score is 59 of 135
Answer Stats
CITIES PIECE % Correct
3 New York, Washington, Philadelphia
88%
6 The Ruhr, Cologne / Dusseldorf, Hamburg, London, Rotterdam, Amsterdam
84%
2 Los Angeles, Las Vegas
83%
3 Frankfurt, Stuttgart, Paris
80%
3 Tokyo, Osaka, Nagoya
79%
Moscow
76%
7 Beijing, Tianjin, Dalian, Taiyuan, Shijiazhuang, Anshan, Tangshan
76%
2 Seattle, Vancouver
76%
2 Madrid, Lisbon
74%
5 Chicago, Cleveland, Cincinnati, St. Louis, Pittsburgh
73%
2 Berlin, Warsaw
72%
3 Mexico City, Puebla, Toluca
71%
Sydney
71%
Buenos Aires
70%
12 Shanghai, Hangzhou, Wuhan, Nanjing, Hefei, Nanchang, Ningbo, Wuxi, Changzhou, Jiangyin, Cixi, Taizhou
70%
2 Dallas, Houston
69%
Rio de Janeiro
69%
San Francisco
69%
2 Naples, Rome
68%
2 Detroit, Toronto
67%
3 Miami, Tampa, Orlando
67%
2 São Paulo, Campinas
67%
2 Cairo, Alexandria
67%
3 Bogotá, Medellín, Cali
66%
Lima
66%
5 Delhi, Lahore, Faisalabad, Gujranwala, Multan
66%
Jakarta
66%
2 Boston, Montreal
65%
Santiago
65%
4 Istanbul, Ankara, Izmir, Athens
65%
Saint Petersburg
65%
2 Johannesburg, Maputo
64%
3 Shenyang, Seoul, Pyongyang
63%
Melbourne
63%
2 Mumbai, Pune
61%
6 Guangzhou, Shantou, Hong Kong, Huizhou, Kaohsiung, Taichung
61%
4 Lagos, Port Harcourt, Douala, Accra
60%
Perth
60%
Barcelona
59%
Caracas
58%
Cape Town
57%
Tehran
57%
2 Denver, Salt Lake City
56%
Havana
55%
3 Riyadh, Dammam, Dubai
55%
San Diego
55%
3 Birmingham, Manchester, Leeds
54%
Stockholm
54%
4 Munich, Katowice, Vienna, Budapest
54%
Bangkok
54%
Manila
54%
2 Algiers, Tunis
52%
2 Atlanta, Charlotte
51%
2 Brasília, Goiânia
51%
Milan
51%
3 Damascus, Aleppo, Baghdad
51%
Brisbane
51%
Quito
50%
Kinshasa
49%
Phoenix
49%
Kiev
48%
Portland
47%
3 Jaipur, Karachi, Hyderabad
46%
Nairobi
45%
Singapore
45%
Guadalajara
45%
3 Kolkata, Nagpur, Bhilai
44%
Kuala Lumpur
44%
Casablanca
43%
2 Santo Domingo, Port-au-Prince
42%
Khartoum
42%
Addis Ababa
41%
Dakar
40%
Chennai
40%
5 Xiamen, Wenzhou, Changsha, Fuzhou, Taipei
40%
Recife
39%
Bucharest
39%
Minneapolis
38%
Belo Horizonte
37%
Antananarivo
36%
2 Dhaka, Chittagong
36%
Guatemala City
35%
Luanda
35%
2 Tel Aviv-Jaffa, Amman
35%
Monterrey
34%
2 Bengaluru, Coimbatore
33%
2 Nanning, Hanoi
33%
Ho Chi Minh City
33%
Manaus
32%
Salvador
32%
Asunción
29%
Porto Alegre
29%
Durban
29%
2 Rawalpindi, Kabul
29%
Colombo
29%
Lusaka
28%
2 Chengdu, Chongqing
28%
Fortaleza
27%
2 Ibadan, Abuja
27%
Sana'a
27%
2 Xi'an, Lanzhou
27%
Dar es Salaam
26%
2 Ouagadougou, Bamako
25%
Jeddah
25%
Baku
25%
Hyderabad
25%
Abidjan
24%
Harare
24%
Ürümqi
24%
4 Fukuoka, Okayama, Busan, Daegu
24%
Sapporo
24%
Guayaquil
23%
Belém
23%
4 Ahmedabad, Surat, Indore, Bhopal
22%
2 Harbin, Changchun
22%
Yangon
21%
Kampala
19%
2 Isfahan, Kuwait City
19%
Tashkent
19%
4 Lucknow, Kanpur, Patna, Kathmandu
18%
Bandung
18%
Surabaya
18%
San Juan
17%
Curitiba
17%
Yaoundé
17%
Kano
16%
Cebu
14%
Conakry
13%
Medan
13%
Maracaibo
9%
6 Qingdao, Zhengzhou, Jinan, Zibo, Xuzhou, Yantai
9%
Meshed
8%
2 Kunming, Guiyang
7%
Kumasi
4%
Baotou
2%
No matching quizzes found
Score Distribution
Percent of People with Each Score
Percentile by Number Answered
Your Score History
You have not taken this quiz